<?xml version="1.0" encoding="UTF-8"?>
<resp>
  <nextPage>https://data.bn.org.pl/api/networks/bibs.marcxml?marc=001+b0000005505706&amp;sinceId=5505707</nextPage>
  <collection>
    <record xmlns='http://www.loc.gov/MARC21/slim'><leader>02801nam a2200661 i 4500</leader><controlfield tag='001'>b0000005505706</controlfield><controlfield tag='005'>20260416110552.3</controlfield><controlfield tag='008'>170406s1774    xx           |000 0 lat  </controlfield><controlfield tag='009'>9910274732605606</controlfield><datafield ind1=' ' ind2=' ' tag='026'><subfield code='a'>q;o- q:l.</subfield><subfield code='b'>t:s. miam (C)</subfield><subfield code='c'>1774 (Q)</subfield><subfield code='5'>WA N</subfield></datafield><datafield ind1=' ' ind2=' ' tag='035'><subfield code='a'>991006714059705066</subfield></datafield><datafield ind1=' ' ind2=' ' tag='035'><subfield code='a'>(PL-WaBN)b55057068-48omnis_nlop</subfield></datafield><datafield ind1=' ' ind2=' ' tag='035'><subfield code='a'>b55057068</subfield></datafield><datafield ind1=' ' ind2=' ' tag='035'><subfield code='a'>(PL)b0000005505706</subfield></datafield><datafield ind1=' ' ind2=' ' tag='040'><subfield code='a'>WA N</subfield><subfield code='c'>WA N</subfield><subfield code='d'>WA N</subfield></datafield><datafield ind1='0' ind2=' ' tag='045'><subfield code='b'>d1774</subfield></datafield><datafield ind1=' ' ind2=' ' tag='046'><subfield code='k'>1774</subfield></datafield><datafield ind1='1' ind2=' ' tag='100'><subfield code='a'>Schwartz, Izydor</subfield><subfield code='d'>(1734-1794)</subfield><subfield code='e'>Autor</subfield></datafield><datafield ind1='1' ind2='0' tag='245'><subfield code='a'>Congregatio benedictino-polona abbatum praelatorum et monachorum monasteriis per utramque Poloniam et Magnum Ducatum Lithvaniae sub regula s. patris Benedicti militantium a felic. record. SS. D. N. Clemente XI pontifice maximo sub titulo Sanctae Crucis erecta et confirmata. Cum expressione nominum, cognominum, officiorum, aetatis, annorum professionis et sacerdotii, omnium et singularum personarum sub tempus capituli generalis in archicoenobio Tynecensi MDCCLXXIV luci publicae praesentata.</subfield></datafield><datafield ind1=' ' ind2=' ' tag='260'><subfield code='a'>[Miejsce nieznane] :</subfield><subfield code='b'>[drukarz nieznany],</subfield><subfield code='c'>[1774].</subfield></datafield><datafield ind1=' ' ind2=' ' tag='300'><subfield code='a'>[56] kart, sygnowanie: A4, B-G8, H4, [1] karta składana ;</subfield><subfield code='c'>8°.</subfield></datafield><datafield ind1=' ' ind2=' ' tag='336'><subfield code='a'>Tekst</subfield><subfield code='b'>txt</subfield><subfield code='2'>rdacontent</subfield></datafield><datafield ind1=' ' ind2=' ' tag='337'><subfield code='a'>Bez urządzenia pośredniczącego</subfield><subfield code='b'>n</subfield><subfield code='2'>rdamedia</subfield></datafield><datafield ind1=' ' ind2=' ' tag='338'><subfield code='a'>Wolumin</subfield><subfield code='b'>nc</subfield><subfield code='2'>rdacarrier</subfield></datafield><datafield ind1=' ' ind2=' ' tag='380'><subfield code='a'>Książki</subfield></datafield><datafield ind1=' ' ind2=' ' tag='380'><subfield code='a'>Publikacje religijne</subfield></datafield><datafield ind1=' ' ind2=' ' tag='380'><subfield code='a'>Starodruki</subfield></datafield><datafield ind1='1' ind2=' ' tag='388'><subfield code='a'>1701-1800</subfield></datafield><datafield ind1=' ' ind2=' ' tag='500'><subfield code='a'>Autor podpisany pod przedmową.</subfield></datafield><datafield ind1='4' ind2=' ' tag='510'><subfield code='a'>Estr. XV-XVIII,</subfield><subfield code='c'>XXVII, 306.</subfield></datafield><datafield ind1='0' ind2='7' tag='600'><subfield code='a'>Benedykt z Nursji</subfield><subfield code='c'>(święty ;</subfield><subfield code='d'>ok. 480-547)</subfield><subfield code='2'>DBN</subfield></datafield><datafield ind1='0' ind2='7' tag='600'><subfield code='a'>Klemens</subfield><subfield code='b'>XI</subfield><subfield code='c'>(papież ;</subfield><subfield code='d'>1649-1721)</subfield><subfield code='2'>DBN</subfield></datafield><datafield ind1='2' ind2='7' tag='610'><subfield code='a'>Benedyktyni</subfield><subfield code='2'>DBN</subfield></datafield><datafield ind1=' ' ind2='7' tag='648'><subfield code='a'>1701-1800</subfield><subfield code='2'>DBN</subfield></datafield><datafield ind1=' ' ind2='7' tag='650'><subfield code='a'>Zakony</subfield><subfield code='2'>DBN</subfield></datafield><datafield ind1=' ' ind2='7' tag='650'><subfield code='a'>Monastycyzm</subfield><subfield code='2'>DBN</subfield></datafield><datafield ind1=' ' ind2='7' tag='650'><subfield code='a'>Opaci</subfield><subfield code='2'>DBN</subfield></datafield><datafield ind1=' ' ind2='7' tag='651'><subfield code='a'>Polska</subfield><subfield code='2'>DBN</subfield></datafield><datafield ind1=' ' ind2='7' tag='651'><subfield code='a'>Wielkie Księstwo Litewskie</subfield><subfield code='2'>DBN</subfield></datafield><datafield ind1=' ' ind2='7' tag='655'><subfield code='a'>Opracowanie</subfield><subfield code='2'>DBN</subfield></datafield><datafield ind1=' ' ind2=' ' tag='658'><subfield code='a'>Religia i duchowość</subfield></datafield><datafield ind1=' ' ind2=' ' tag='852'><subfield code='8'>22699467580005066</subfield><subfield code='j'>1</subfield><subfield code='h'>SD W.1.791</subfield><subfield code='b'>BN_PL</subfield><subfield code='p'>888a1198536</subfield><subfield code='c'>bstdr</subfield><subfield code='z'>Karta A1 luzem, karta F1 uszkodzona (wycięty fragment tekstu).</subfield></datafield><datafield ind1=' ' ind2=' ' tag='852'><subfield code='b'>48OMNIS_NLOP</subfield><subfield code='8'>991006714059705066</subfield></datafield><datafield ind1=' ' ind2=' ' tag='852'><subfield code='b'>48OMNIS_NETWORK</subfield><subfield code='8'>9910274732605606</subfield></datafield><datafield ind1=' ' ind2=' ' tag='950'><subfield code='u'>https://eu05.alma.exlibrisgroup.com/view/uresolver/48OMNIS_NETWORK/openurl?u.ignore_date_coverage=true&amp;portfolio_pid=53705416500005066&amp;Force_direct=true</subfield><subfield code='z'>Zobacz w Polonie: egzemplarz SD W.1.791</subfield><subfield code='8'>53705416500005066</subfield></datafield></record>
  </collection>
</resp>
